| 000 | 00567nam a22001697a 4500 | ||
|---|---|---|---|
| 005 | 20251108171016.0 | ||
| 008 | 250721s1996 xx 000 0 ara d | ||
| 082 | 1 | 4 | _a210.41334/صاي |
| 100 | 1 | _aالصايم، محمد | |
| 245 | 1 | 0 | _aالمنقذ القرآني لإبطال السحر و علاج المس الشيطاني مع دليل شامل للمعالجين و المرضى / |
| 264 | 1 |
_aالقاهرة : _bدار الفضيلة، _c1996. |
|
| 300 | _a157ص | ||
| 650 | 1 | 7 | _aالقرآن |
| 650 | 1 | 7 | _aالسحر |
| 942 |
_2ddc _cBK |
||
| 999 |
_c54257 _d54257 |
||